000 00678nam a2200217 a 4500
001 BRCA_4247
005 20190320204612.0
008 140610s1912----gw-ac#####---#000-0#ger-#
041 _ager
044 _agw
050 4 _aPT2623
_b.L89 1912
100 1 _aLux, Joseph Aug.
_910950
245 1 0 _aGrillparzers Liabasroman
_bdie Schwastern Fröhlich : Roman aus Wiens Klass
_cvon Joseph Aug. Lux.
260 _aBerlín, Alemania
_bVerlag von Rich
_c1912
300 _a313 p.
_bil. (algunas a color), retratos
_c22 cm.
440 0 _aRomane berühmter manner und Frauen
_910951
500 _aAM59
650 1 4 _aNovela histórica
_zAlemania
_910952
902 _aGFM
942 _2lcc
_cB
999 _c3958
_d3958